|
|
|
|
| LEADER |
00000nam a2200000Ia 4500 |
| 008 |
180321b2005 cr ||||| |||| 00| | spa d |
| 999 |
|
|
|c 1671
|d 1671
|
| 090 |
|
|
|a 06.03.02
|b 1156
|
| 110 |
2 |
|
|a Fundación para la Cooperación Costa Rica-Estados Unidos
|9 3501
|
| 245 |
1 |
0 |
|a Informe Anual 2004: Un impulso al desarrollo a través de la cooperación /
|c Fundación para la Cooperación Costa Rica-Estados Unidos
|
| 260 |
|
|
|a San José, Costa Rica :
|b Fundación CR-USA,
|c 2005
|
| 300 |
|
|
|a 36 páginas
|
| 500 |
|
|
|a Informe en idioma español e ingles
|
| 650 |
1 |
4 |
|a EVALUACIÓN
|9 287
|
| 650 |
1 |
4 |
|a ESTADOS FINANCIEROS
|9 3502
|
| 942 |
|
|
|i 001865
|h 06.03.02 1156
|2 z
|c 01
|